000 00408nam a2200181Ia 4500
008 210210b2012 xxu||||| |||| 00| 0 eng d
020 _a9788131771938
041 _aeng
082 _a305.4 SENG
100 _aSEN (Sujatha)
245 _aGender studies
260 _aDelhi
_bPearson
_c2012
300 _avii,224
650 _astudies
650 _aGender
690 _aWomen Studies
906 _a066895
999 _c149370
_d149370